000 00396 a2200109 4500
001 ART_23171
005 20260410161929.0
008 260409a
245 1 0 _aLa relación docente-discente en la Universidad
100 1 _aLetizia, Francisco
773 0 _tRevista de la Facultad de Ciencias Económicas de la Universidad de Cuyo
_g- Año XXXII, Nº 81 (ene./jun. 1980)
_wREV22981
999 _c28439
_d28439